000 00615nam a2200205Ia 4500
003 IN-BaIIA
008 211028s9999 xx 000 0 eng d
040 _cIIA Library
080 _a083.7:69.024.153.1
_bISI
110 _aIndian Standards Institution
245 0 _aIndian standard code of practice for roofing with wooden shingles
_cIndian Standards Institution
260 _aNew Delhi
_bIndian Standards Institution
_c1964
300 _a10p.
500 _aIS 2700 : 1964
650 _a Roofing 
_98828
650 _a Shingles
_98829
650 _a Standards 
650 _aNASA Thesaurus 
942 _cBK
999 _c4929
_d4929